How to manage business change (Record no. 101817)
[ view plain ]
| 000 -LEADER | |
|---|---|
| fixed length control field | 01087cam a2200229 4500 |
| 008 - FIXED-LENGTH DATA ELEMENTS--GENERAL INFORMATION | |
| fixed length control field | 011218n2001 000 0 eng u |
| 020 ## - INTERNATIONAL STANDARD BOOK NUMBER | |
| International Standard Book Number | 1903091101 |
| 035 ## - SYSTEM CONTROL NUMBER | |
| System control number | (Sirsi) u116053 |
| 050 ## - LIBRARY OF CONGRESS CALL NUMBER | |
| Classification number | 658.406 |
| 110 ## - MAIN ENTRY--CORPORATE NAME | |
| Corporate name or jurisdiction name as entry element | Office of Government Commerce |
| 9 (RLIN) | 3987 |
| 245 ## - TITLE STATEMENT | |
| Title | How to manage business change |
| 260 ## - PUBLICATION, DISTRIBUTION, ETC. | |
| Place of publication, distribution, etc. | London |
| Name of publisher, distributor, etc. | Stationery Office |
| Date of publication, distribution, etc. | 2001 |
| 300 ## - PHYSICAL DESCRIPTION | |
| Extent | 105p. ; 30cm. |
| 350 ## - PRICE (NR) (BK AM CF MU VM SE) [OBSOLETE] | |
| Price | 25.00 |
| 490 ## - SERIES STATEMENT | |
| Series statement | This IS Management and Business Change Guides |
| 520 ## - SUMMARY, ETC. | |
| Summary, etc. | Business change whether planned or unplanned, must be managed if the organisation is to benefit. This guide explains how to mange the key components of business change. It also describes the process of managing business change from the strategies behind it through to new ways of working and the realisation of benefits. There is also advice on managing the 'people' issues, which typically consume 80% of the resources required for business change. |
| 650 ## - SUBJECT ADDED ENTRY--TOPICAL TERM | |
| Topical term or geographic name entry element | CHANGE MANAGEMENT |
| 650 ## - SUBJECT ADDED ENTRY--TOPICAL TERM | |
| Topical term or geographic name entry element | RESTRUCTURING |
| 650 ## - SUBJECT ADDED ENTRY--TOPICAL TERM | |
| Topical term or geographic name entry element | ORGANISATIONAL CHANGE |
| 690 ## - LOCAL SUBJECT ADDED ENTRY--TOPICAL TERM (OCLC, RLIN) | |
| Topical term or geographic name as entry element | MANAGEMENT-BUSINESS MANAGEMENT |
| 942 ## - ADDED ENTRY ELEMENTS (KOHA) | |
| Suppress in OPAC | 0 |
| Withdrawn status | Lost status | Source of classification or shelving scheme | Damaged status | Not for loan | Home library | Current library | Shelving location | Date acquired | Cost, normal purchase price | Total Checkouts | Full call number | Barcode | Date last seen | Date last checked out | Copy number | Cost, replacement price | Price effective from | Koha item type |
|---|---|---|---|---|---|---|---|---|---|---|---|---|---|---|---|---|---|---|
| Dewey Decimal Classification | London | London | Folio | 09/01/2002 | 25.00 | 12 | F658.406 OFF | 30065303 | 06/08/2019 | 30/01/2009 | 1 | 25.00 | 06/08/2019 | Book |